000 00929nam a22002295i 4500
001 53673
003 ES-MaACL
005 20240515063037.0
007 t|
008 960529s1881 sp ||||1| spa d
040 _aCLM
_bspa
_cCCPB | SIC
100 1 _aFernández Casanova, Adolfo,
_d1843-1915
_949562
245 1 3 _aLa Catedral de León salvada por el ingenio del arquitecto Juan de Madrazo
_b: descripción de los estudios de restauración de las obras realizadas en el templo /
_c[Adolfo Fernández Casanova].
260 _aMadrid :
_b[s.n.],
_c1881 (
_fEstablecimiento Tipo-Litográfico)
300 _a15 p., 1 fotografía sobre papel albúmina ;
_c20 cm.
500 _aLa fot. es de Juan de Madrazo.
594 _aNombre del autor tomado de la p. 15.
600 1 4 _aMadrazo, J. de.
_9155689
610 2 7 _aCatedral de León-
_xRestauración.
_92517
852 _aES-MaACL
_jT-376-F-17
999 _c53673
_d53673